Самоучитель немецкого языка. (Запис № 282760)
[ простий вигляд ]
| 000 -LEADER | |
|---|---|
| fixed length control field | 01670nam a22001577a 4500 |
| 020 ## - INTERNATIONAL STANDARD BOOK NUMBER | |
| International Standard Book Number | 4805875341181 |
| 080 ## - UNIVERSAL DECIMAL CLASSIFICATION NUMBER | |
| Universal Decimal Classification number | 81.3 |
| 090 ## - LOCALLY ASSIGNED LC-TYPE CALL NUMBER (OCLC); LOCAL CALL NUMBER (OCLC) | |
| Local cutter number (OCLC) ; Book number/undivided call number, CALL (RLIN) | МОС |
| 100 ## - MAIN ENTRY--PERSONAL NAME | |
| Personal name | Москальская О.И. |
| 245 ## - TITLE STATEMENT | |
| Title | Самоучитель немецкого языка. |
| 260 ## - PUBLICATION, DISTRIBUTION, ETC. (IMPRINT) | |
| Place of publication, distribution, etc | Киев |
| Name of publisher, distributor, etc | Методика |
| Date of publication, distribution, etc | 1996 |
| 300 ## - PHYSICAL DESCRIPTION | |
| Extent | 464 |
| 520 ## - SUMMARY, ETC. | |
| Summary, etc | Настоящий учебник предназначен для лиц, начинающих самостоятельно изучать немецкий язык. Главная цель учебника помочь учащимся овладеть основными правилами произношения и грамматики, а также дать возможность приобрести словарный запас, достаточный для общения и самостоятельного чтения литературы нп немецком языке.<br/>Самоучитель позволяет производить самоконтроль с помощью вопросов и заданий, помещенных в каждом уроке. Для удобства роботы в конце учебника присутствуют ключи к заданиям. <br/>Учебник рекомендуется для учащихся школ, студентов, аспирантов, преподавателей, всех желающих самостоятельно изучать немецкий язык, а также бизнесменов и предпринимателей. |
| -- | немецкий язык, практика, самоучитель |
| 650 ## - SUBJECT ADDED ENTRY--TOPICAL TERM | |
| Topical term or geographic name as entry element | German |
| 942 ## - ADDED ENTRY ELEMENTS (KOHA) | |
| Koha item type | Книги |
Немає доступних примірників.